000
00332nam a22001217a 4500
003
SGT
082
_a
200
_b
A08J
100
_a
जाखोटिया, गिरीश पी.
245
_a
आप ही बनिए कृष्ण
260
_b
राजकमल प्रकाशन
_c
2008
300
_a
170
942
_2
ddc
_c
BK
999
_c
31709
_d
31709